BAKHITA (Record n. 105872)
[ formato base ]
| 000 -LEADER | |
|---|---|
| fixed length control field | 02422agaaa2200325 4500 |
| 001 - CONTROL NUMBER | |
| control field | 9367 |
| 003 - CONTROL NUMBER IDENTIFIER | |
| control field | IT-RoPAU |
| 005 - DATE AND TIME OF LATEST TRANSACTION | |
| control field | 20220918181237.0 |
| 007 - PHYSICAL DESCRIPTION FIXED FIELD--GENERAL INFORMATION | |
| fixed length control field | d cvaizq |
| 008 - FIXED-LENGTH DATA ELEMENTS--GENERAL INFORMATION | |
| fixed length control field | 50131s9999||||xx ||| | || ||und|| |
| 040 ## - CATALOGING SOURCE | |
| Original cataloging agency | IT-RoPAU |
| Transcribing agency | IT-RoPAU |
| 041 ## - LANGUAGE CODE | |
| Language code of text/sound track or separate title | ITALIANO |
| 100 ## - MAIN ENTRY--PERSONAL NAME | |
| Personal name | Campiotti Giacomo |
| Miscellaneous information | Codice regista SPICS: 29292 |
| 9 (RLIN) | 43822 |
| 130 ## - MAIN ENTRY--UNIFORM TITLE | |
| Uniform title | BAKHITA |
| 9 (RLIN) | 43823 |
| 245 ## - TITLE STATEMENT | |
| Title | BAKHITA |
| Statement of responsibility, etc. | Prodotto da: Foffo P. Bifano S. -- Sceneggiatura: Soldi Filippo Gentili Filippo Gentili Dino Leonardo Campiotti G. -- Diretto da: Campiotti Giacomo |
| Name of part/section of a work | BAKHITA (Rif. Codice opera principale : H9367) |
| 250 ## - EDITION STATEMENT | |
| Edition statement | Edizione Standard |
| 260 ## - PUBLICATION, DISTRIBUTION, ETC. (IMPRINT) | |
| Place of publication, distribution, etc. | (ITALIA) |
| Name of publisher, distributor, etc. | RAI FICTION - TITANIA PRODUZIONI / Distribuzione: MULTIMEDIA SAN PAOLO |
| Date of manufacture | "2009 (1° ed.: 2009 ; Ed. Lingua Orig.: 2009)" |
| 300 ## - PHYSICAL DESCRIPTION | |
| Extent | DVD |
| Other physical details | sonoro, col. |
| Dimensions | 207 minuti |
| 508 ## - CREATION/PRODUCTION CREDITS NOTE | |
| Creation/production credits note | "Fotografia: Giurato Blasco; Montaggio: Paggi Simona; Musica: Lentini Stefano; Sceneggiatura: Soldi Filippo Gentili Filippo Gentili Dino Leonardo Campiotti G.; Scenografia: Luppi Marco; Soggetto: Soldi Filippo -- Gentili Filippo" |
| 511 ## - PARTICIPANT OR PERFORMER NOTE | |
| Participant or performer note | "Kine; Boye Fatou; Sartor Fabio; Salvi Francesco; Fremont Ludovico; Bergamasco Sonia" |
| 520 ## - SUMMARY, ETC. | |
| Summary, etc. | FILM TV TRASMESSO DA RAIUNO IL 5 APRILE 2009. NEL CONVENTO DELLE CANOSSIANE GIUNGE UNA DISTINTA SIGNORE, AURORA MARIN, RICHIAMATA DAL CATTIVO STATO DI SALUTE DI SUOR BAKHITA UNA SUORA DI COLORE SPENTASI IN REALTA' DA POCHI GIORNI. AURORA LA CONOSCEVA BENE E NE RACCONTA L'INCREDIBILE STORIA ALLA FIGLIA CHE L'HA ACCOMPAGNATA NEL VIAGGIO. BAKHITA, NATA NEL 1869 IN UN VILLAGGIO SUDANESE, ANCORA BAMBINA VIENE RAPITA DAI NEGRIERI CHE LA VENDONO A UN GENERALE TURCO. IN QUELLA CASA TRASCORRE DIECI ANNI DI UMILIAZIONI SINO A CHE FEDERICO MARIN UN RICCO COMMERCIANTE ITALIANO, ATEO E AVVENTURIERO, LE SALVA LA VITA E LA PORTA CON SE' A ZIANIGO, UN PAESINO DEL VENETO DOVE ABITA INSIEME ALLA FIGLIA DI OTTO ANNI, AURORA, BAMBINA MALATA E SOLA... BIOGRAFIA DELLA SANTA AFRICANA. |
| 538 ## - SYSTEM DETAILS NOTE | |
| System details note | PAL, STEREO |
| 546 ## - LANGUAGE NOTE | |
| Language note | ITALIANO |
| 650 ## - SUBJECT ADDED ENTRY--TOPICAL TERM | |
| Topical term or geographic name as entry element | BIOGRAFICO |
| Relator term | DVD-FILM [DVD] |
| General subdivision | Codice MATERIA SPICS: 9947 |
| 9 (RLIN) | 37079 |
| 700 ## - ADDED ENTRY--PERSONAL NAME | |
| Personal name | Campiotti Giacomo |
| Relator term | (regista) |
| Miscellaneous information | Codice regista SPICS: 29292 |
| 9 (RLIN) | 43824 |
| 700 ## - ADDED ENTRY--PERSONAL NAME | |
| Personal name | Gentili Filippo |
| Relator term | (soggetto) |
| Miscellaneous information | Codice Soggetto 2° SPICS: 59740 |
| 9 (RLIN) | 43825 |
| 700 ## - ADDED ENTRY--PERSONAL NAME | |
| Personal name | Lentini Stefano |
| Relator term | (musica) |
| Miscellaneous information | Codice Musica SPICS: 59741 |
| 9 (RLIN) | 43826 |
| 700 ## - ADDED ENTRY--PERSONAL NAME | |
| Personal name | Soldi Filippo |
| Relator term | (soggetto) |
| Miscellaneous information | Codice Soggetto SPICS: 59739 |
| 9 (RLIN) | 43827 |
| 942 ## - ADDED ENTRY ELEMENTS (KOHA) | |
| Koha item type | DVD |
| Source of classification or shelving scheme | Dewey Decimal Classification |
| Withdrawn status | Lost status | Damaged status | Not for loan | Home library | Current library | Date acquired | Total Checkouts | Full call number | Date last seen | Price effective from | Koha item type | Public note |
|---|---|---|---|---|---|---|---|---|---|---|---|---|
| Buone Condizioni | Not For Loan | SPICS-MEDIATECA | SPICS-MEDIATECA | 31/01/2015 | H9367 | 31/01/2015 | 31/01/2015 | DVD | Progr. Ins.: 3852 / N.Vol.:2 / Copie: 2 / Pag.:0 / Copia rara: n.d. / date import: 1.2.2015 / By Epidotti, Trombetti, Vaglietti |